000 00576nam a2200181Ia 4500
008 090711s9999 xx 000 0 und d
082 _b1082
100 _aपेन कॅरन (संपा.)
245 _aहितगुज
260 _bमहेता पब्लिकेशन हाऊस
_c2000
300 _a270
600 _aपेन कॅरन (संपा.)
630 _aहितगुज
700 _aदाभोळकर वgन्दा
700 _aपेन कॅरन (संपा.)
730 _aहितगुज
942 _cBOOK
999 _c338137
_d338137